Dlhodobé prínosy zavedenia eura na Slovensku
Vplyv zavedenia eura na zahraničný obchod, ekonomický rast a rast životnej úrovne. Prehľad štúdií o vplyvoch menovej únie na zahraničný obchod. Odhady pre Slovensko. Zrýchlenie ekonomického rastu a zvýšenie životnej úrovne. Priame zahraničné investície. Odhad vplyvu eura na výkonnosť ekonomiky.
Uložené v:
| Hlavný autor: | |
|---|---|
| Ďalší autori: | |
| Médium: | Kapitola |
| Jazyk: | Slovak |
| Predmet: | |
| Tagy: |
Žiadne tagy, Buďte prvý, kto otaguje tento záznam!
|
MARC
| LEADER | 00000naa$a2200000$$$4500 | ||
|---|---|---|---|
| 001 | 0045108 | ||
| 005 | 20231116082956.5 | ||
| 041 | 0 | |a slo | |
| 044 | |a SK | ||
| 245 | 1 | 0 | |a Dlhodobé prínosy zavedenia eura na Slovensku |c Vladimír Solanič, Marcel Tirpák |
| 520 | |a Vplyv zavedenia eura na zahraničný obchod, ekonomický rast a rast životnej úrovne. Prehľad štúdií o vplyvoch menovej únie na zahraničný obchod. Odhady pre Slovensko. Zrýchlenie ekonomického rastu a zvýšenie životnej úrovne. Priame zahraničné investície. Odhad vplyvu eura na výkonnosť ekonomiky. | ||
| 610 | 2 | 0 | |a euro |
| 610 | 2 | 0 | |a Slovensko |
| 610 | 2 | 0 | |a únie menové |
| 610 | 2 | 0 | |a spolupráca hospodárska medzinárodná |
| 610 | 2 | 0 | |a obchod zahraničný |
| 610 | 2 | 0 | |a výkonnosť ekonomiky |
| 610 | 2 | 0 | |a rast hospodársky |
| 610 | 2 | 0 | |a úroveň životná |
| 100 | 1 | |a Solanič, Vladimír | |
| 700 | 1 | |a Tirpák, Marcel | |